Bartolomé de las Casas, utopía vigente : diálogo y educación no violenta /

Obra sobre el impacto de la violencia empleada durante la Conquista en los indígenas americanos, escrita por Bartolomé de las Casas (1474-1566), fraile dominico nacido en Sevilla, quien arribó a América en 1502 y fue nombrado Procurador Universal, Protector de las Indias y obispo de Chiapas, facetas...

Descrizione completa

Salvato in:
Dettagli Bibliografici
Autore principale: Torres, José Alfredo (autor)
Natura: Libro
Lingua:spagnolo
Pubblicazione: México : Torres Asociados, 2003, c2003
Soggetti:
Tags: Aggiungi Tag
Nessun Tag, puoi essere il primo ad aggiungerne!!

MARC

LEADER 00000nam^a2200000^a^4500
001 000171988
005 20250521000000.0
009 20260310101402.425
020 |a 970-9066-14-5 
037 |a Acervo ITESO - Biblioteca 
041 |a ESP 
082 |a 306. 40972  |b TOR 
100 |a Torres, José Alfredo  |e (autor) 
245 1 0 |a Bartolomé de las Casas, utopía vigente :  |b diálogo y educación no violenta /  |c J.A. Torres. 
264 4 |a México :  |b Torres Asociados,  |c 2003, c2003 
300 |a 151 p. 
336 |a texto  |b txt  |2 rdacontenido 
337 |a sin mediación  |b n  |2 rdamedio 
338 |a volumen  |b nc  |2 rdasoporte 
520 |a Obra sobre el impacto de la violencia empleada durante la Conquista en los indígenas americanos, escrita por Bartolomé de las Casas (1474-1566), fraile dominico nacido en Sevilla, quien arribó a América en 1502 y fue nombrado Procurador Universal, Protector de las Indias y obispo de Chiapas, facetas en las que desarrolló una gran labor de protección hacia los indígenas de América. Es autor de Breve relación de la destrucción de Indias y de una Historia general de Indias. 
649 |a XX 
650 |a Indígenas de México -  |x Condiciones Sociales y Culturales 
650 |a Evangelizadores Españoles 
650 |a Religiosos Españoles 
650 |a Cronistas de Indias 
650 |a Historiadores Españoles 
650 |a Dominación Cultural -  |z México 
650 |a Identidad Cultural -  |z México 
650 |a Cambios Sociales y Culturales -  |z México 
650 |a Sociología de la Cultura 
650 |a Evangelización -  |z México 
650 |a Dominicos en México 
650 |a Monasticismo y Ordenes Religiosas -  |z México 
650 |a Iglesia Católica en México 
650 |a Catolicismo -  |z México 
650 |a Cristianismo -  |z México 
650 |a Religión -  |z México 
650 |a México -  |x Historia -  |y Descubrimiento y Conquista, 1517-1521 
650 |a México -  |x Historia -  |y Epoca Colonial, 1517-1821 
650 |a México -  |x Historia -  |y Siglo XVI 
650 |a Casas, Bartolomé de las,  |c Fray 
910 |a Fondo General 
920 |a Impresos - Libros 
930 |a Colección General 
905 |a 101 
901 |a 0500109844  |b IT1  |c ACC  |u 20250521 
902 |a https://opac.biblio.iteso.mx/vufind/Record/000171988